आनंदभुवन (Record no. 1219476)

MARC details
000 -LEADER
fixed length control field 00618nam a2200193Ia 4500
008 - FIXED-LENGTH DATA ELEMENTS--GENERAL INFORMATION
fixed length control field 151121s9999||||xx |||||||||||||| ||und||
082 ## - DEWEY DECIMAL CLASSIFICATION NUMBER
Classification number 920/तळव
082 ## - DEWEY DECIMAL CLASSIFICATION NUMBER
Item number HNW-16778
100 ## - MAIN ENTRY--PERSONAL NAME
Personal name तळवलकर गोपीनाथ
245 ## - TITLE STATEMENT
Title आनंदभुवन
260 ## - PUBLICATION, DISTRIBUTION, ETC. (IMPRINT)
Name of publisher, distributor, etc "कॉन्टिनेंन्टल प्रकाशन,पुणे।"
260 ## - PUBLICATION, DISTRIBUTION, ETC. (IMPRINT)
Date of publication, distribution, etc --
300 ## - PHYSICAL DESCRIPTION
Extent 164
600 ## - SUBJECT ADDED ENTRY--PERSONAL NAME
Personal name तळवलकर गोपीनाथ
630 ## - SUBJECT ADDED ENTRY--UNIFORM TITLE
Uniform title आनंदभुवन
700 ## - ADDED ENTRY--PERSONAL NAME
Personal name तळवलकर गोपीनाथ
730 ## - ADDED ENTRY--UNIFORM TITLE
Uniform title आनंदभुवन
942 ## - ADDED ENTRY ELEMENTS (KOHA)
Koha item type Book
Holdings
Withdrawn status Lost status Damaged status Not for loan Home library Current library Date acquired Cost, normal purchase price Total Checkouts Full call number Barcode Date last seen Cost, replacement price Price effective from Koha item type
        Hirachand Nemchand Wachanalaya, Solapur Hirachand Nemchand Wachanalaya, Solapur 11/21/2015 3.00   HNW-16778 HNW-16778 11/21/2015 3.00 11/21/2015 Book